Statistics for Colleges by U.S. State - Multiple Choice

Click here to take the quiz!

General Stats

  • This quiz has been taken 11,798 times
  • The average score is 12 of 15

Answer Stats

QuestionAnswer% Correct
StanfordCalifornia
86%
DukeNorth Carolina
85%
ColumbiaNew York
83%
Brigham YoungUtah
82%
Johns HopkinsMaryland
82%
PrincetonNew Jersey
82%
ClemsonSouth Carolina
81%
Notre DameIndiana
80%
YaleConnecticut
78%
William & MaryVirginia
76%
NorthwesternIllinois
73%
TulaneLouisiana
70%
RiceTexas
69%
Carnegie MellonPennsylvania
64%
OberlinOhio
62%

Score Distribution

Percentile by Number Answered

Percent of People with Each Score

Your Score History

You have not taken this quiz